00480nam a2200181 a 4500001001300000003000900013005001700022008004100039020002100080082001600101100002300117245002500140260004200165300000900207500003500216505002400251700002300275nice12345678IN_TiNIC20260116014615.0050524s1993 dela grp 000 0 eng  a0195647998 c000a275.4bVIS1 aVisvanathan, Susan aChristians of Kerala aDelhi bOxford and IBH PUB CO. c1993 a279p aincludes index and biblioraphy2 aBibliography, Index1 aVisvanathan, Susan